| 000 | 00440pab a2200169 454500 | ||
|---|---|---|---|
| 008 | 180718b1981 xxu||||| |||| 00| 0 eng d | ||
| 100 | _aWatts, Thomas D. | ||
| 245 | _aThe growing needs of the aged disabled: Some considerations | ||
| 260 | _c1981 | ||
| 300 | _ap.629-636. | ||
| 362 | _aJul-Sep | ||
| 650 | _aAgeing | ||
| 650 | _aDisabled persons | ||
| 773 | _aIndian Journal of Public Administration | ||
| 908 | _aN | ||
| 909 | _a88560 | ||
| 999 |
_c88560 _d88560 |
||